| 000 | 01075nam a2200277 i 4500 | ||
|---|---|---|---|
| 001 | bg | ||
| 003 | BPK | ||
| 005 | 20211027080415.0 | ||
| 008 | 990506s1983 pl a f f |000 0 pol | ||
| 015 | _aPB 1984/2014 | ||
| 040 |
_aWA N _cBPK |
||
| 041 | _apol | ||
| 080 | _a621.1.01:536.7 | ||
| 080 | _a(075.8) | ||
| 245 | 0 | 0 |
_aTermodynamika : _blaboratorium : praca zbiorowa / _cpod red. Bogumiła Bieniasza ; [oprac. przez zespół aut. w składzie Stanisław Olszański et al.]. |
| 260 |
_aRzeszów : _bPolitechnika Rzeszowska im. Ignacego Łukasiewicza, _c1983. |
||
| 300 |
_a346 s. : _brys., wykr. ; _c21 cm. |
||
| 504 | _aBibliogr. s. 345-346. | ||
| 655 | 4 | _aPodręczniki akademickie | |
| 650 | 4 | _aTermodynamika techniczna | |
| 700 | 1 |
_aBieniasz, Bogumił _d(1940- ). _eRed. |
|
| 710 | 2 |
_aPolitechnika Rzeszowska im. Ignacego Łukasiewicza _4pbl. |
|
| 700 | 1 |
_aOlszański, Stanisław _c(mechanika) _eAutor |
|
| 856 |
_uhttp://koha.tu.koszalin.pl/cgi-bin/koha/opac-detail.pl?biblionumber=1077 _yKatalog online BPK |
||
| 942 |
_2UKD _cKS |
||
| 999 |
_c1077 _d1077 |
||